The Charge of the Light Brigade Quotes - Poetry Anthology - Statistics

General Stats
  • This quiz has been taken 8 times
  • The average score is 2 of 6
Answer Stats
Hint Answer % Correct
'______ a ______, ______ a ______, / ______ a ______ ______' 'Half a league, half a league, / Half a league onward'
71%
'Into the ______ of ______ / Rode the ______ ______' 'Into the valley of Death / Rode the six hundred'
71%
'______ the ______ they ______! / ______ the ______ ______' 'Honour the charge they made! / Honour the Light Brigade'
29%
'Into the ______ of ______, / Into the ______ of ______ / Rode the ______ ______' 'Into the jaws of Death, / Into the mouth of Hell / Rode the six hundred'
29%
'Theirs not to ______ ______, / Theirs not to ______ ______, / Theirs but to ______ ______ ______' 'Theirs not to make reply, / Theirs not to reason why, / Theirs but to do and die'
29%
'All the ______ ______' 'All the world wonder'd'
14%
No matching quizzes found
Score Distribution
Percent of People with Each Score
Percentile by Number Answered
Your Score History
You have not taken this quiz